La Seconde Guerre mondiale (niveau avancé) - Partie 3 - Statistiques

Statistiques générales
  • Ce quiz a été pris 46 fois
  • Le résultat moyen est 4 sur 10
Statistiques - réponses
Hint Réponse % Correct
Date du débarquement en Normandie (D-Day) 6 juin 1944
95%
Lieu de l'autre débarquement en France Provence
75%
Avion sans moteur planeur
57%
Défenses anti-aériennes allemandes Flak
43%
Général britannique commandant le débarquement en Normandie Montgomery
43%
Casemate allemande (bunker en anglais). Le "Mur de l'Atlantique" en est composé de 9.000 Blockhaus
32%
Roosevelt le préfère à De Gaulle Giraud
25%
Opération de désinformation alliée destinée à faire croire aux Allemands que le débarquement se passera en Norvège et au Pas de Calais, pour assurer le débarquement en Normandie. Opération Fortitude
18%
Opération de désinformation organisée par le Mi5 (utilisation de cadavre) destinée à faire croire aux Allemands que les Alliés débarqueraient en Grèce et en Sardaigne, afin d'assurer le débarquement en Sicile. Opération Mincemeat
7%
Ambassadeur du Japon en Allemagne, dont les dépêches sont décodées par les Américains. Oshima
5%
Aucun quiz correspondant
Distribution des résultats
% des personnes avec chaque résultat
Percentile par nombre de réponses
Votre historique - résultats
Vous n’avez pas pris ce quiz